00650nam a2200181 450000500170000001000150001702000260003203500140005803700090007208200100008124500320009126000470012327000830017030000200025394200240027399900190029795201520031620250402151953.0 aENG-144442 a9789357315012c599.00 aEN-127974 bDBAD a499.8 aChambers English Vocabulary aGurugrambHachette Books Publishing c2024 a4th and 5th Floor, Corporate Centre, Plot No.-94, Sector 44,bGurugrame122003 a354p.c23cm(pb) 2ddccENh433.8mENG c210670d210670 001040708NFICaMbMd2025-04-02eDelivery of Books Act Divisiong599.00l0o433.8 ENGpEN-127974r2025-04-02 00:00:00t1v599.00w2025-04-02yEN